| 000 | 00690nam a22002175a 4500 | ||
|---|---|---|---|
| 005 | 20201128021527.0 | ||
| 008 | 150819t2002 enka fr 001 0 eng d | ||
| 020 | _a9789351072256 | ||
| 040 |
_aEG-ScBUE _beng _dEG-ScBUE |
||
| 082 | 0 | 4 |
_222 _a620.11 _bPHI |
| 100 | 1 |
_aPhilip, Mathew. _938861 |
|
| 245 | 0 | 4 |
_aTechnology of engineering materials / _cMathew Philip, Bill Bolton. |
| 260 |
_aOxford ; _aWoburn : _bButterworth-Heinemann / Elsevier, _cc.2002. |
||
| 300 |
_avii, 471 p. : _bill. ; _c30 cm. |
||
| 500 | _aIndex : p. 466-471. | ||
| 650 | 7 |
_2BUEsh _91256 _aMaterials. |
|
| 651 | _2BUEsh | ||
| 653 |
_bENGGEN _cAugust2015 _cDecember2015 |
||
| 700 | 1 |
_tBolton, Bill. _931074 |
|
| 942 | _2ddc | ||
| 999 |
_c20660 _d20632 |
||